| 000 | 00542nam a2200193 u 4500 | ||
|---|---|---|---|
| 005 | 20210223131403.0 | ||
| 008 | 100927s2008 mx r 000 0 spa d | ||
| 020 | _a9789945171648 | ||
| 035 | _aUPN01000177940 | ||
| 049 | _aCG | ||
| 050 | 4 |
_aPQ7409.3 V4.4 _bL3.3 |
|
| 100 | 1 |
_aVeloz Maggiolo, Marcio, _d1936- _931153 |
|
| 245 | 1 | 0 |
_aLadridos de luna llena / _cMarcio Veloz Maggiolo. |
| 260 |
_aSanto Domingo : _bSM, _c2008. |
||
| 300 | _a103 p. | ||
| 440 | 0 |
_aGran angular ; _v1 |
|
| 650 | 4 |
_aLITERATURA DOMINICANA _916670 |
|
| 905 | _aLibro | ||
| 999 |
_c150043 _d150043 |
||